000 00753nam a22002057a 4500
003 OSt
005 20260310032430.0
008 260310b |||||||| |||| 00| 0 eng d
020 _a978-0-448-09513-4
040 _aDWCL GS lib
_cOC
082 _2K26m 1974
100 _aCAROLYN KEENE
245 _aThe mystery of the ivory charm
_cCAROLYN KEENE
300 _avii, 179 pages:
_billustrations
_c19 cm.
520 _aThe Mystery of the Ivory Charm is the 13th volume in the Nancy Drew Mystery Stories, written under the pseudonym Carolyn Keene (originally ghostwritten by Mildred Wirt Benson)
546 _aEnglish
650 _2Courage and Bravery, Responsibility and Diligence
650 _2Honesty and Integrity
942 _2ddc
_cFIC.
_hFic.
_n0
999 _c8840
_d8840